Szczegóły MARC21

Internet w społeczeństwie informacyjnym /

003 -Nazwa inst., której nr kontr. jest w polu 001 [,]
    • @
    • Nazwa instytucji, której n kontrolny jest w polu 001
    • NUKAT
005 -DATA I CZAS OSTATNIEJ MODYFIKACJI [,]
    • @
    • pole kontrolne
    • 20241231111156.0
040 -Instytucja sporządzająca opis [ , ]
    • a
    • Instytucja, która sporządziła opis (NP)
    • KR U/AT
    • c
    • Instytucja, która sporządziła rekord (NP)
    • KR U/AT
    • d
    • Instytucja, która zmodyfikowała rekord (P)
    • KR U/AT
    • d
    • Instytucja, która zmodyfikowała rekord (P)
    • KR 7/DZs
942 -Rodzaj dokumentu [ , ]
    • c
    • Rodzaj dokumentu
    • Książka
245 -Strefa tytułu i oznaczenia odpowiedzialności [0,0]
    • a
    • Tytuł
    • Internet w społeczeństwie informacyjnym / Find
    • c
    • Pozostałe elementy strefy tytułu i oznaczenia odpowiedzialności (NP)
    • [red. nauk. Agnieszka Szewczyk].
260 -Strefa adresu wydawniczego [ , ]
    • a
    • Miejsce wydania (P)
    • Szczecin :
    • b
    • Nazwa wydawcy (P)
    • Uniwersytet Szczeciński,
    • c
    • Data wydania (P)
    • 2012.
300 -Strefa opisu fizycznego [ , ]
    • a
    • Określenie formy książki i/lub objętość (NP)
    • 236 s. :
    • b
    • Oznaczenie ilustracji (NP)
    • il. ;
    • c
    • Format (NP)
    • 24 cm.
336 -Typ zawartości [ , ]
    • a
    • Termin opisujący typ zawartości
    • Tekst
    • b
    • Kod określający zawartość
    • txt
    • 2
    • Źródło (terminu i kodu)
    • rdacontent
337 -Typ mediów [ , ]
    • a
    • Tryb odtwarzania
    • Bez urządzenia pośredniczącego
    • b
    • Kod typu mediów
    • n
    • 2
    • Źródło (terminu i kodu)
    • rdamedia
338 -Typ/rodzaj nośnika [ , ]
    • a
    • Hasło opisujące typ nośnika
    • Wolumin
    • b
    • Kod typu nośnika
    • nc
    • 2
    • Źródło (terminu i kodu)
    • rdacarrier
490 -Strefa serii i książki wielotomowej - forma nie do wyszukiwania [1, ]
    • a
    • Tytuł (P)
    • Zeszyty Naukowe / Uniwersytet Szczeciński. Studia Informatica, Find
    • x
    • ISSN (NP)
    • 0867-1753 ;
    • v
    • Numeracja (P)
    • nr 30
830 -Hasło dodatkowe serii i opisu książki wielotomowej - tytuł ujednolicony/tytuł [ ,0]
    • a
    • Tytuł ujednolicony/tytuł (NP)
    • Zeszyty Naukowe - Uniwersytet Szczeciński.
    • p
    • Nazwa części/podserii/sekcji (P)
    • Studia Informatica
    • x
    • ISSN
    • 0867-1753
    • v
    • Oznaczenie tomu (NP)
    • nr 30
    • 9
    • KHW
    • 1281
830 -Hasło dodatkowe serii i opisu książki wielotomowej - tytuł ujednolicony/tytuł [ ,0]
    • a
    • Tytuł ujednolicony/tytuł (NP)
    • Zeszyty Naukowe - Uniwersytet Szczeciński
    • x
    • ISSN
    • 1640-6818
    • v
    • Oznaczenie tomu (NP)
    • nr 733
    • 9
    • KHW
    • 14
500 -Uwaga ogólna [ , ]
    • a
    • Uwaga ogólna (NP)
    • W serii gł.: nr 733.
504 -Uwaga dot. bibliogr. załącznikowej [ , ]
    • a
    • Uwaga dot. bibliografii załącznikowej
    • Bibliogr. przy art.
546 -Uwaga dot. języka [ , ]
    • a
    • Uwaga dot. języka
    • Streszcz. ang.
080 -Uniwersalna Klasyfikacja Dziesiętna [ , ]
    • 2
    • Identyfikator wydania tablic
    • UDC-P058
    • 9
    • UKD
    • 2139
    • a
    • Symbol klasyfikacji
    • 004.738.5
    • b
    • Dopowiedzenie
    • Internet.
    • 4
    • UKD2
    • 8124
    • x
    • Poddział wspólny
    • (082.1)
    • c
    • Dopowiedzenie poddz. wspólnego
    • (Zbiory prac różnych autorów. Księgi pamiątkowe).
080 -Uniwersalna Klasyfikacja Dziesiętna [ , ]
    • 2
    • Identyfikator wydania tablic
    • UDC-P058
    • 9
    • UKD
    • 2769
    • a
    • Symbol klasyfikacji
    • 316.325
    • b
    • Dopowiedzenie
    • Społeczeństwa ze względu na specyficzne kryteria. Społeczeństwo informacyjne. Społeczeństwo otwarte. Społeczeństwo obywatelskie.
    • 4
    • UKD2
    • 8124
    • x
    • Poddział wspólny
    • (082.1)
    • c
    • Dopowiedzenie poddz. wspólnego
    • (Zbiory prac różnych autorów. Księgi pamiątkowe).
080 -Uniwersalna Klasyfikacja Dziesiętna [ , ]
    • 2
    • Identyfikator wydania tablic
    • UDC-P058
    • 9
    • UKD
    • 2975
    • a
    • Symbol klasyfikacji
    • 330.47
    • b
    • Dopowiedzenie
    • Informatyka ekonomiczna.
    • 4
    • UKD2
    • 8124
    • x
    • Poddział wspólny
    • (082.1)
    • c
    • Dopowiedzenie poddz. wspólnego
    • (Zbiory prac różnych autorów. Księgi pamiątkowe).
650 -Hasło przedmiotowe [ ,7]
    • a
    • Hasło przedmiotowe
    • Internet
    • x
    • Określnik rzeczowy
    • aspekt ekonomiczny.
    • 2
    • Źródło terminu
    • kaba
    • 9
    • KHW
    • 112240
650 -Hasło przedmiotowe [ ,7]
    • a
    • Hasło przedmiotowe
    • Internet
    • x
    • Określnik rzeczowy
    • aspekt społeczny.
    • 2
    • Źródło terminu
    • kaba
    • 9
    • KHW
    • 112242
650 -Hasło przedmiotowe [ ,7]
    • a
    • Hasło przedmiotowe
    • Społeczeństwo informacyjne
    • x
    • Określnik rzeczowy
    • aspekt ekonomiczny
    • z
    • Określnik geograficzny
    • Polska
    • y
    • Określnik chronologiczny
    • 1990-.
    • 2
    • Źródło terminu
    • kaba
    • 9
    • KHW
    • 391992
650 -Hasło przedmiotowe [ ,7]
    • a
    • Hasło przedmiotowe
    • Społeczeństwo informacyjne
    • x
    • Określnik rzeczowy
    • badania.
    • 2
    • Źródło terminu
    • kaba
    • 9
    • KHW
    • 391993
980 -Symbol UKD [ , ]
    • a
    • UKD
    • 004.738.5:316.325:330.47](082.1)
700 -Hasło dodatkowe - nazwa osobowa [1, ]
    • a
    • Nazwa osobowa (NP)
    • Szewczyk, Agnieszka Find
    • d
    • Daty biograficzne (NP)
    • (1952- ).
    • e
    • Określenie rodzaju współpracy
    • Red.
    • 9
    • KHW
    • 46755
710 -Hasło dodatkowe - nazwa ciała zbiorowego [2, ]
    • a
    • Nazwa ciała zbiorowego lub nazwa geograficzna jako pierwszy element (NP)
    • Uniwersytet Szczeciński.
    • 4
    • Kod relacji
    • pbl
    • 9
    • KHW
    • 9119
931 -Powiązanie tyt. z wydaw. ciągłym [ , ]
    • a
    • Powiązanie tytułówki z wydaw. ciągłym
    • PATRZ WYDAWNICTWO CIĄGŁE
    • z
    • Numer rek. powiązanego
    • 119820
Sygnatura Numer inwentarzowy Status udost. Lokalizacja Data inwentaryzacji
Ec.41783Ec.542601BE2014-04-08
Cg.24492(Pdc)Cg.353641BG2013-11-25
Tc.3/733Tc.3229-11TC2013-11-25